Ciència fricció : Vida entre espècies companyes / Vida entre espècies companyes /

ISBN: 9788498039801
Descripció física: 192 pàgines ; il·lustracions color ; 24 cm
Idioma: Català , English

MARC

LEADER 00000nam a22000007a 4500
001 25162
003 BGR
005 20260324180726.0
008 220215b spa||||| |||| 00| 0 cat d
017 |a B 9370-2021 
020 |a 9788498039801 
041 0 |a cat  |a eng 
245 |a Ciència fricció :   |b Vida entre espècies companyes /   |c direcció Maria Ptqk ; coordinació Marina Palà ; [et. al.] 
260 |a Barcelona :   |b Centre de Cultura Contemporània de Barcelona ;   |c 2021 
300 |a 192 pàgines ;   |b il·lustracions color ;   |c 24 cm 
500 |a Notes biogràfiques a partir de la pàgina 144 
530 |a La sobrecoberta és un desplegable que conté una cronologia il·lustrada titulada "Time-Life-Time" dissenyada per Jaume Serra 
546 |a Traducció a l'anglès dels textos a partir de la pàgina 153 
650 0 |9 52508  |a Biodiversitat  |v Exposicions 
655 0 |a Catàlegs d'exposicions  |9 69807 
700 |9 52509  |a Ptqk, Maria  |e direcció 
700 1 |a Palà, Marina   |e coordinació  |9 41454 
710 2 |a Centre de Cultura Contemporània de Barcelona  |9 52510 
942 |2 udc  |n 1  |c ARXIU 
952 |0 0  |1 0  |4 0  |6 BIB434  |7 1  |9 61003  |a Arxiu  |b Arxiu  |d 2022-02-15  |l 0  |o Bib-434  |p 25162  |r 2022-02-15 00:00:00  |w 2022-02-15  |y ARXIU 
999 |c 81127  |d 81127